000
00318nas a22001337a 4500
003
OSt
005
20240517105046.0
008
240517b |||||||| |||| 00| 0 eng d
022
_2
Living Media India Group
040
_c
MRSPTU
245
_a
Time Magazine
260
_a
Noida
_b
India Today Group
942
_2
ddc
_c
PR
_n
0
_s
1
999
_c
10314
_d
10314